000 01632nam a2200325 i 4500
003 EG-GICUC
005 20260121101230.0
008 251116s2003 ua ||||fr|||| 00| 0 ara d
020 _a9775602314
040 _a EG-GICUC
_bara
_c EG-GICUC
_d EG-GICUC
_erda
041 0 _hara
082 0 4 _221
_a345.202
_bم ح . م
092 0 4 _221
099 _aLaw1 07 345.202 م ح . م 2003
100 0 _aمحمد عبد العزيز بكر
_eمؤلف.
245 1 0 _aموسوعة قانون تنظيم الجامعات :
_bنصوص القانون ولائحته التنفيذية وفق أحدث تعديل بالفتاوي والأحكام /
_cدكـتور محمد عبد العزيز بكر.
250 _aالطبعة الثانية
264 1 _aالمنصورة :
_bدار النيل للطباعة ،
_c2003.
300 _a774 صفحة :
_bايضاحيات، جداول ؛
_c24 سم.
336 _2rda content
_atext
337 _2rda media
_aComputer
338 _2rda carrier
_aOnline Resource
500 _aوكل ما يتعلق بأعضاء هيئة التدريس بالجامعات، وجامعة الأزهر، وبمراكـز البحوث، والزميل بالمستشفيات، والبعثات، من قوانين وفتاوي وأحكام محاكم إدارية عليا ودستورية تخص شئونهم حتى عام 2003.
504 _aيشتمل على إرجاعات ببليوجرافية
546 _aالنص باللغة العربية
650 1 _aالقانون الإداري
856 4 0 _uhttps://fll.law.cu.edu.eg/fulltext/bks/B07-00794.pdf
905 _a33
942 _2ddc
_cBK
_e21
_n0
999 _c43693
_d43693